A teacher's guide to the psychology of learning
Αποθηκεύτηκε σε:
| Κύριος συγγραφέας: | |
|---|---|
| Μορφή: | Βιβλίο |
| Γλώσσα: | English |
| Δημοσίευση: |
Oxford :
Blackwell,
1984
|
| Θέματα: | |
| Ετικέτες: |
Προσθήκη ετικέτας
Δεν υπάρχουν, Καταχωρήστε ετικέτα πρώτοι!
|
MARC
| LEADER | 00000nam a2200000 i 4500 | ||
|---|---|---|---|
| 001 | 1/87913 | ||
| 008 | 990804s1984 eng d | ||
| 020 | |a 0-631-13578-2 | ||
| 035 | |l 10052407 | ||
| 040 | |a GR-MY-UA |b gre |e aacr | ||
| 041 | 0 | |a eng | |
| 082 | 0 | |a 370.1523 | |
| 100 | 1 | |a Howe, Michael J. A. |d 1940- | |
| 245 | 1 | 2 | |a A teacher's guide to the psychology of learning / |c Michael J.A. Howe |
| 260 | |a Oxford : |b Blackwell, |c 1984 | ||
| 300 | |a 162 p. | ||
| 650 | 0 | 0 | |a Learning, Psychology of. |
| 650 | 0 | 0 | |a Cognition in children. |
| 852 | |a INST |b RHODES |e 19990804 |h 370.1523 HOW |p 005400011853 |q 005400011853 |t BK |y 0 | ||
| 901 | |a BIBL4-1999-2 | ||
| 909 | |a Ρ |b 066522 | ||
| 922 | |a 4ΕΛΗ |b 199907 |c ΚΠΣ/154 |d LEADER | ||
| 970 | |z 1999/08/04 |a ΚΟΥΛΑΚΙΟΤΗ |b ΛΙΤΣΑ | ||